Villes plus peuplées que le chef-lieu de leur département - Statistiques

Statistiques générales
  • Ce quiz a été pris 41 fois
  • Le résultat moyen est 22 sur 56
Statistiques - réponses
Département Chef-lieu Ratio Ville % Correct
Finistère Quimper 2.18 Brest
91%
Morbihan Vannes 1.06 Lorient
91%
Seine-Maritime Rouen 1.43 Le Havre
88%
Haut-Rhin Colmar 1.56 Mulhouse
85%
Seine-Saint-Denis Bobigny 2.08 Saint-Denis
79%
Aude Carcassonne 1.22 Narbonne
76%
Marne Châlons-en-Champagne 4.13 Reims
76%
Corrèze Tulle 3.44 Brive-la-Gaillarde
74%
Pas-de-Calais Arras 1.59 Calais
74%
Aisne Laon 2.2 Saint-Quentin
71%
Meuse Bar-le-Duc 1.14 Verdun
71%
Allier Moulins 1.33 Vichy
68%
Seine-et-Marne Melun 1.3 Meaux
65%
Aisne Laon 1.19 Soissons
65%
Saône-et-Loire Mâcon 1.28 Chalon-sur-Saône
62%
Manche Saint-Lô 4.03 Cherbourg-en-Cotentin
62%
Jura Lons-le-Saunier 1.4 Dole
62%
Allier Moulins 1.72 Montluçon
62%
Ariège Foix 1.7 Pamiers
59%
Ardèche Privas 1.46 Aubenas
56%
Alpes-de-Haute-Provence Digne-les-Bains 1.29 Manosque
56%
Haute-Marne Chaumont 1.07 Saint-Dizier
56%
Hauts-de-Seine Nanterre 1.23 Boulogne-Billancourt
53%
Ardèche Privas 2.01 Annonay
50%
Val-d'Oise Pontoise 3.39 Argenteuil
50%
Val-d'Oise Pontoise 2.2 Cergy
44%
Seine-Saint-Denis Bobigny 2 Montreuil
44%
Ardèche Privas 1.32 Tournon-sur-Rhône
35%
Seine-Saint-Denis Bobigny 1.29 Drancy
29%
Guadeloupe Basse-Terre 1.58 Pointe-à-Pitre
29%
Seine-Saint-Denis Bobigny 1.56 Aulnay-sous-Bois
26%
Seine-et-Marne Melun 1.24 Chelles
26%
Val-d'Oise Pontoise 1.85 Sarcelles
26%
Guadeloupe Basse-Terre 5.5 Les Abymes
24%
Ardèche Privas 1.32 Guilherand-Granges
21%
Seine-Saint-Denis Bobigny 1.08 Le Blanc-Mesnil
18%
Ardèche Privas 1.03 Le Teil
18%
Seine-Saint-Denis Bobigny 1.1 Pantin
18%
Val-de-Marne Créteil 1.03 Vitry-sur-Seine
18%
Seine-Saint-Denis Bobigny 1.3 Noisy-le-Grand
15%
Seine-Saint-Denis Bobigny 1.62 Aubervilliers
12%
Val-d'Oise Pontoise 1.2 Franconville
12%
Val-d'Oise Pontoise 1.34 Garges-lès-Gonesse
12%
Guadeloupe Basse-Terre 2.89 Le Gosier
12%
Guadeloupe Basse-Terre 1.11 Saint-Claude
12%
Guadeloupe Basse-Terre 2.43 Le Moule
9%
Guadeloupe Basse-Terre 1.86 Sainte-Rose
9%
Guadeloupe Basse-Terre 3.29 Baie-Mahaut
6%
Val-d'Oise Pontoise 1.01 Herblay-sur-Seine
6%
Guadeloupe Basse-Terre 2.58 Petit-Bourg
6%
Guadeloupe Basse-Terre 2.59 Sainte-Anne
6%
Guadeloupe Basse-Terre 1.41 Saint-Francois
6%
Val-d'Oise Pontoise 1.09 Bezons
3%
Guadeloupe Basse-Terre 1.9 Capesterre-Belle-Eau
3%
Guadeloupe Basse-Terre 1.96 Lamentin
3%
Guadeloupe Basse-Terre 1.68 Morne-à-l'Eau
3%
Aucun quiz correspondant
Distribution des résultats
% des personnes avec chaque résultat
Percentile par nombre de réponses
Votre historique - résultats
Vous n’avez pas pris ce quiz